Terence in two volumes

Αποθηκεύτηκε σε:
Λεπτομέρειες βιβλιογραφικής εγγραφής
Κύριος συγγραφέας: Terence
Άλλοι συγγραφείς: Sargeaunt, John 1857-1922 (Μεταφραστής)
Μορφή: Βιβλίο
Γλώσσα:English
Latin
Δημοσίευση: Cambridge, Mass. ; : London : Harvard University Press, Heinemann, 1983-1986
Σειρά:Loeb classical library ; ; 22-23
Θέματα:
Ετικέτες: Προσθήκη ετικέτας
Δεν υπάρχουν, Καταχωρήστε ετικέτα πρώτοι!

MARC

LEADER 00000nam a2200000 i 4500
001 1/66603
008 960617m19831986 eng d
020 |a 0-674-99026-9 (τ.2) 
020 |a 0-674-99025-0 (τ.1) 
035 |l 10029849 
040 |a GR-MY-UA  |b gre  |e aacr 
041 0 |a eng  |a lat 
082 0 |a 872.01  |2 (22) 
100 1 |a Terence. 
245 1 0 |a Terence in two volumes /  |c Terence ; μετάφραση: John Sargeaunt 
260 |a Cambridge, Mass. ; :   |a London :   |b Harvard University Press,   |b Heinemann,   |c 1983-1986 
300 |a 2τ. (324;352 σ.);  |c 17 εκ. 
490 1 |a Loeb classic library  |v ; 22-23 
504 |a Βιβλιογραφία: τ.1, σ. xiii 
504 |a Περιλαμβάνει ευρετήριο 
505 0 |a τ.1: The lady of Andros; The self-tormentor; the eunuch.-- τ.2: Phormio; the mother-in-law; the brothers.-- 
600 1 0 |a Terence. 
650 0 0 |a Latin drama (Comedy) 
650 0 0 |a Dramatists, Latin. 
700 1 |a Sargeaunt, John  |d 1857-1922.  |4 trl 
740 0 2 |a The lady of Andros 
740 0 2 |a The self - tormentor 
740 0 2 |a The eunuch 
740 0 2 |a Phormio 
740 0 2 |a The mother -in- law 
740 0 2 |a The Brothers 
830 0 |a Loeb classical library ;  |v ; 22-23 
852 |a INST  |b CHIOS  |e 19960618  |h 872.01 TER  |p 005200007804  |q 005200007804  |t BK  |y 0  |z τ.2 
852 |a INST  |b CHIOS  |e 19960617  |h 872.01 TER  |p 005200007874  |q 005200007874  |t BK  |y 0  |z τ.1 
852 |a INST  |b CHIOS  |e 19960618  |h 872.01 TER  |p 005200007804  |q 005200007804  |t BK  |v τ.2:  |y 0  |z τ.2 
852 |a INST  |b CHIOS  |e 19960617  |h 872.01 TER  |p 005200007874  |q 005200007874  |t BK  |v τ.1:  |y 0  |z τ.1 
853 |a INST  |b CHIOS  |h 872.01 TER 
909 |a Χ  |b 031977 
909 |a Χ  |b 031426 
922 |a 2ΕΛΗ  |b 199311  |c ΦΡΑΓΚΟΜΙΧΑΛΟΣ  |d LEADER BOOKS